000 00614nam a2200193 a 4500
005 20210223125836.0
008 060314s2005 mx r 000 0 spa d
020 _a9682325765
035 _aUPN01000143200
049 _aCG
050 4 _aE895
_bW3.3
100 1 _aWallerstein, Immanuel Maurice,
_d1930-
245 1 0 _aEstados Unidos confronta al mundo :
_balternativas /
_cImmanuel Wallerstein ; tr. Josefina Anaya.
260 _aMéxico :
_bSiglo XXI,
_c2005.
300 _a149 p.
440 0 _aSociología y política
651 4 _aESTADOS UNIDOS -
_xRELACIONES EXTERIORES -
_ySIGLO XXI
_99057
905 _aLibro
999 _c115347
_d115347